All Skylanders - Statistics

General Stats
  • This quiz has been taken 965 times
  • The average score is 29 of 48
Answer Stats
Hint Answer % Correct
Spyro
96%
Trigger Happy
80%
Gill Grunt
75%
Stealth Elf
75%
Eruptor
70%
Cynder
68%
Tree Rex
68%
Chop Chop
67%
Hex
66%
Zap
64%
Double Trouble
63%
Ninjini
63%
Wrecking Ball
63%
Slam Bam
62%
Bash
61%
Bouncer
61%
Drobot
61%
Eye-Brawl
61%
Hot Head
60%
Pop Fizz
60%
Stump Smash
60%
Camo
59%
Flameslinger
59%
Swarm
59%
Terrafin
59%
Whirlwind
59%
Voodood
58%
Boomer
57%
Crusher
57%
Sonic Boom
57%
Thumpback
57%
Zook
57%
Ignitor
56%
Jet-Vac
56%
Prism Break
56%
Warnado
55%
Lightning Rod
54%
Ghost Roaster
53%
Hot Dog
53%
Sunburn
53%
Wham-Shell
53%
Dino-Rang
52%
Drill Sergeant
52%
Chill
50%
Sprocket
48%
Shroomboom
44%
Flashwing
42%
Fright Rider
41%
No matching quizzes found
Score Distribution
Percent of People with Each Score
Percentile by Number Answered
Your Score History
You have not taken this quiz